000 00441nam a2200181Ia 4500
001 12102
005 20260306162916.0
008 260306t2016||||xx |||||||||||||| ||spa||
041 _aESP
082 _aHR 2356
_bELTE LJ
100 _aEotvos Loránd University. Faculty of Law
_eAUT
245 0 _aElte law journal
260 _c2016
300 _a200 páginas :
_c24 cm.
650 _aGEN
654 _aCHU
942 _cREV
_dJUS
_fJUS
_2ddc
_n
999 _c12102
_d12102